000 00938 a2200229 4500
003 Nust
005 20220719193307.0
010 _a 96004037
020 _a0335194524 (pbk.)
020 _a817649089X
040 _cNust
082 0 0 _a001.4,BLA
100 1 _aBlaxter, Loraine,
_993936
245 1 0 _aHow to research /
_cLoraine Blaxter, Christina Hughes and Malcolm Tight.
260 _aBuckingham ;
_aBristol, PA, USA :
_bOpen University Press,
_c1999.
300 _axiii, 263 p. :
_bill. ;
_c24 cm.
505 _aThinking about Research (Page-1), Getting Started (Page-21), Thinking about Methods (Page-53), Reading for Research (Page-92), Managing your project (Page-117), Collecting Data (Page-141), Analyzing data (Page-173), Writing Up (Page-207), Finishing off (Page-232).
650 0 _aResearch
_xMethodology.
700 1 _aHughes, Christina,
_d1952-
_993937
700 1 _aTight, Malcolm.
_993938
942 _2ddc
_cBK
_k001.4,BLA
999 _c186867
_d186867